| 000 | 00329nam a22001217a 4500 | ||
|---|---|---|---|
| 999 |
_c13887 _d13887 |
||
| 020 | _a9780730389132 | ||
| 082 | _a658.4092 | ||
| 100 | _aMichael Vullings & Graham Christie | ||
| 245 | _aChanging the Game: The Playbook for Leading Business Transformation | ||
| 260 |
_aAustralia _bWiley _c2021 |
||
| 300 | _a216 pages | ||
| 942 | _cBK | ||